000 01038cam a2200229 4500
001 WB@3612-806
008 040722n2004 000 0 eng u
035 _a(Sirsi) u126899
245 _aCash boost for green farmers
260 _c2004
490 _aDEFRA News Release
_v(294/04) 22 July 2004 (3)
520 _aThe government has released plans to promote more environment-friendly and sustainable farming. In future, farmers in England sharing £1.7bn of subsidies will have to meet new cross-compliance standards designed to give extra protection to the environment, soil, wildlife habitats and the landscape. Farmers will also be eligible for payment under a new agri-environment Entry level stewardship scheme. http://www.defra.gov.uk/news/2004/040722c.htm
590 _aWB
590 _aWB
650 _aRURAL DEVELOPMENT
650 _aSUSTAINABLE FARMING
650 _aFARMING POLICIES
650 _aFARMING PRACTICES
650 _aENVIRONMENTAL FARMING
690 _aRURAL-FARM BUSINESS MANAGEMENT
942 _n0
999 _c117752
_d117752